00221nam a2200097Ia 4500008004100000082001400041100002400055245001800079260001800097600000800115241002s9999 xx 000 0 und d a741.5 GUA aGuareschi, Giouammi 0aDon Camillo,s aLondon:c1966 aArt